00545cam a22002171 4500001001300000003000400013005001700017008004100034010001700075035002000092040001800112042001200130050001800142100001900160245004800179260001100227300004300238500001500281650001400296999001700310sa 64004660 DLC20260227112027.0890415s1964 xx 000 0 hino  asa 64004660  a(OCoLC)23544104 aDLCcMiUdDLC apremarc00aHB180.H5bM521 aMittala, S. C.10aEḍavāṃsḍa bizanaisa ikônômiksa. c[1964] a1 v.b(various pagings) illus.c23 cm. aRomanized. 0aEconomics c58671d58671